Biggest Cities in Countries by First Letter-H - Statistics

General Stats
  • This quiz has been taken 31 times
  • The average score is 5 of 20
Answer Stats
Population Answer % Correct
1,782,000 Budapest
93%
3,138,000 Port-au-Prince
90%
1,663,000 Tegucigalpa
80%
235,000 Debrecen
60%
1,037,000 San Pedro Sula
33%
128,000 Gyor
27%
156,000 Pecs
23%
303,000 Cap-Haïtien
17%
168,000 Szeged
17%
330,000 Gonaïves
10%
169,000 Miskolc
7%
298,000 Choloma
3%
135,000 Jérémie
3%
139,000 Jacmel
0%
130,000 Le Ceiba
0%
135,000 Leogane
0%
126,000 Les Cayes
0%
136,000 Okap
0%
257,000 Port-de-Paix
0%
242,000 Saint-Marc
0%
No matching quizzes found
Score Distribution
Percent of People with Each Score
Percentile by Number Answered
Your Score History
You have not taken this quiz